Finite element analysis : Theory and application with ANSYS

Đã lưu trong:
書目詳細資料
主要作者:  Moaveni, Saeed
格式: Sách
語言:Undetermined
出版:  Pearson  2015
主題:
標簽: 添加標簽
沒有標簽, 成為第一個標記此記錄!
Thư viện lưu trữ: Trung tâm Thư viện - Trường Đại học Công nghiệp TP. Hồ Chí Minh
LEADER 00528nam a2200157Ia 4500
001 UIH_06093
008 231011s9999 xx 000 0 und d
082 |a  620.00151825 
100 |a  Moaveni, Saeed 
245 0 |a  Finite element analysis : Theory and application with ANSYS 
245 0 |c  Moaveni, Saeed 
260 |b  Pearson 
260 |c  2015 
650 |a  Phương pháp phần tử hữu hạn;  
927 |a Sách 
980 |a Trung tâm Thư viện - Trường Đại học Công nghiệp TP. Hồ Chí Minh